00690nam a2200193Ia 4500008004100000020001800041082001500059100002300074245006600097250000800163260007000171300002900241500001900270600003300289650001600322942000700338952013400345999001700479240925s9999 xx 000 0 und d a9780070530713 a515.35 SIM aSimmons, George F. 0aDifferential Equations with Applications and Historical Notes a2nd aNew Delhi:bMcGraw Hill Education (India) Private Limitedc,2017. axiii, 398p.b0fOriginal aIncludes Index aHumanities & Natural Science aMathematics cBK 001040708HUMaUITUbUITUd2019-02-02eAllied Book Companyg2069.60l0o515.35 SIMpQ14392r2024-09-25 07:17:17w2024-09-25yBK c16891d16891